Welfare economics and social choice theory

Salvato in:
Dettagli Bibliografici
Autore principale: Feldman, Allan M.
Natura: Libro
Lingua:inglese
Pubblicazione: Boston Nijhoff 1980
Tags: Aggiungi Tag
Nessun Tag, puoi essere il primo ad aggiungerne!!

MARC

LEADER 00000nam a2200000 4500
001 c135049
005 20041019155303.1
041 0 |a eng 
044 |a US 
245 1 0 |a Welfare economics and social choice theory  |c Allan M. Feldman 
264 1 |a Boston  |b Nijhoff  |c 1980 
300 |a 230 s. 
100 1 |a Feldman, Allan M.